Quizzes
Events
Quiz Creation
Community
Videos
Private Events
Remove Ads
Sign In
Join for FREE
Feedback
Dark Mode
Quiz Categories
Sports
Geography
Music
Movies
Television
Just For Fun
Miscellaneous
History
Literature
Language
Science
Gaming
Entertainment
Religion
Holiday
For Kids
Quiz Lab
Recent
Popular Today
Quiz Kudos Today
Editor Picks
Curator Picks
Quizzes by...
Day
Popularity
Type
Ratings
Length
Year
Community
Subscriptions
Recent Discussions
Orange Saloon
Badges
Playlists
Quests
Create
Leaderboards
Showdown
Live 5
Trivia Bingo
Activity
Puzzle Library
Sporcle Events
Private Events
Virtual Trivia
Globe League
Become a Host
Pub Owners
SporcleCon
Opinionation
Our Games
Videos
Blog
Mobile Apps
Partnerships
Remove Ads and Go Orange
Feedback
Sports
Athletes
MLB
NBA
NHL
NFL
Soccer
Sports Teams
WWE
NCAA
Football
Premier League
Basketball
Baseball
Hockey
Golf
Tennis
Cricket
Rugby
Auto Racing
Olympics
World Cup
Sports
Athletes
MLB
NBA
NHL
NFL
Soccer
Sports Teams
WWE
NCAA
Football
Premier League
Basketball
Baseball
Hockey
Golf
Tennis
Cricket
Rugby
Auto Racing
Olympics
World Cup
Random Quiz
Search Sporcle
×
Quiz Lab
Quiz Lab
Sports
Country
Type in answers that appear in a list
Type in answers that appear in a list
Classic
Best Score? Go Orange.
Premier League Nations Stats
Can you name the Premier League Nationalities
By
ccfcalex99
10m
92 Questions
53 Plays
53 Plays
53 Plays
Comments
Comments
Give Quiz Kudos
Give Quiz Kudos
-
- Ratings
hide this ad
Forced Order
Answers have to be entered in order
Answers have to be entered in order
Random Order
Randomize order of answers
Randomize order of answers
Replay
Link that replays current quiz
Next Quiz
Link to next quiz in quiz playlist
You Got
0%
They Got
Avg Score
44%
Avg Friend Score
Upgrade to see
Score Distribution
Jump to the score distribution portion of the page
Score
0/92
Timer
10:00
0
Plays Today
Player
Country
% Correct
Cristiano Ronaldo
Portugal
77.4%
Fernando Torres
Spain
75.5%
Sergio Aguero
Argentina
73.6%
Tomas Rosicky
Czech Republic
73.6%
Luka Modric
Croatia
71.7%
Thierry Henry
France
71.7%
Asamoah Gyan
Ghana
71.7%
Yaya Toure
Ivory Coast
71.7%
Edwin Van Der Sar
Netherlands
71.7%
Wojciech Sczesney
Poland
71.7%
Edin Dzeko
Bosnia
69.8%
Willian
Brazil
69.8%
Per Mertesacker
Germany
69.8%
Shinji Kagawa
Japan
69.8%
Luis Suarez
Uruguay
69.8%
Kostanistos Mitroglou
Greece
67.9%
Javier Hernandez
Mexico
67.9%
Brad Friedel
USA
67.9%
Bryan Ruiz
Costa Rica
66%
Ole Gunnar Solksjaer
Norway
66%
Nemanja Vidic
Serbia
66%
Christian Benteke
Belgium
64.2%
Andrey Arshavin
Russia
64.2%
Martin Skrtel
Slovakia
64.2%
Seb Larsson
Sweden
64.2%
Steven Pienaar
South Africa
62.3%
Nicklas Bendtner
Denmark
60.4%
Marouane Chamakh
Morocco
60.4%
Emmanuel Adebayor
Togo
60.4%
Mile Jedinak
Australia
56.6%
Sun Jihai
China
56.6%
Player
Country
% Correct
Hermann Hreidarsson
Iceland
56.6%
Papiss Cisse
Senegal
56.6%
Gianfranco Zola
Italy
54.7%
Stefan Jovetic
Montenegro
54.7%
Beniot Assou-
Ekotto
Cameroon
52.8%
Jay-
Jay Okocha
Nigeria
52.8%
Dwight Yorke
Trinidad And Tobago
52.8%
Victor Wanyama
Kenya
50.9%
Andriy Voronin
Ukraine
50.9%
Andreas Weimann
Austria
49.1%
Sami Hyypia
Finland
49.1%
George Weah
Liberia
49.1%
Winston Reid
New Zealand
49.1%
Adrian Mutu
Romania
49.1%
Phillipe Senderos
Switzerland
49.1%
Emre Can
Turkey
49.1%
Stilyan Petrov
Bulgaria
47.2%
Georgiou Kinkladze
Georgia
47.2%
Ashkan Dejagah
Iran
45.3%
Junior Hoilett
Canada
43.4%
Mart Poom
Estonia
43.4%
Alexander Hleb
Belarus
41.5%
Jean Beausejour
Chile
41.5%
Hugo Rodallega
Colombia
41.5%
Ali Al-
Habsi
Oman
41.5%
Amr Zaki
Egypt
39.6%
Roger Espinoza
Honduras
39.6%
Tomas Danilevicus
Lithuania
37.7%
Cristian Benitez
Ecuador
35.8%
Marlon King
Jamaica
35.8%
Lorik Cana
Albania
30.2%
Player
Country
% Correct
Adam Bogdan
Hungary
30.2%
Radhi Jaidi
Tunisia
30.2%
Stephane Sessegnon
Benin
28.3%
Christopher Samba
Congo
28.3%
Kaspars Gorkss
Latvia
28.3%
Manucho
Angola
26.4%
Goran Popov
Macedonia
24.5%
Robert Koren
Slovenia
24.5%
Fernando Amorebieta
Venezuela
24.5%
Emerson Boyce
Barbados
22.6%
Zesh Rehman
Pakistan
22.6%
Adlene Guedioura
Algeria
20.8%
Shaun Goater
Bermuda
20.8%
Marcelo Moreno
Bolivia
20.8%
Gunnar Nielsen
Faroe Islands
20.8%
Peter Ndovlu
Zimbabwe
20.8%
Alexis Nicolas
Cyprus
18.9%
Daniel Cousin
Gabon
18.9%
Ji Dong-
Won
Korea Republic
18.9%
Modibo Maiga
Mali
18.9%
Yannick Bolasie
DR Congo
17%
Emmanuel Mayuka
Zambia
17%
Leon Cort
Guyana
15.1%
Ysrael Zuniga
Peru
13.2%
Dexter Blackstock
Antigua and Barbuda
9.4%
Shelton Martis
Curacao
9.4%
Kevin Betsy
Seychelles
9.4%
Al Bangura
Sierra Leone
9.4%
Cabral
Cape Verde
7.5%
Adam Newton
St Kitts and Nevis
3.8%
Quiz Playlist
Details
Report
Send in Message
Add To Playlist
Classic:
Type in answers that appear in a list
Forced Order:
Answers have to be entered in order
Random Order:
Randomize order of answers
Last Updated: Feb 16, 2017
Quiz Scoreboard
CHALLENGE
Sign Up to Join the Scoreboard
Show All
Scores
Hide
Comments
May contain spoilers
Recently Published
9x9 Crossword: Cartoon Network
by jackfrog10
Miscellaneous
3m
College Basketball Coaching Resumes
by pancakes188
Sports
9m
Billboard Blitz: Fleetwood Mac
by CooCooCachoo
Music
15s
More to Explore
Quiz From the Vault
Featured Blog Post
Where Did the Easter Bunny Come From?
hide this ad
You Might Also Like...
Tags
Country Quiz
Premier League Quiz
League
Nationality
Player
Premier
Today's Top Quizzes in Sports
Browse Sports
hide this ad
Today's Top Quizzes in Country
Browse Country
Top Contributed Quizzes in Sports
1
2022 World Cup Stars
2
Les meilleurs buteurs des matchs entre le PSG et l’OM
3
FIFA Club World Cup Champions
4
Les entraîneurs de l'OM et du PSG au 21e siècle
5
Criteria MLB: Left Handed Sluggers
6
2023 MLB Unique Player Accomplishments
7
AFC Teams Reveal (Wrong Answers Minefield)
8
Players with Multiple 50 Home Run Seasons
9
5-to-1: FBS Animal Nicknames
10
5-to-1: UK Sports Teams
Explore More
Trending Topics
Crossword
Harry Potter
Disney
Kpop
NBA
Marvel
Anime
Pokémon
The Office
Soccer
WWE
Song
Puzzle
Country
NFL
hide this ad
More By:
ccfcalex99
Quiz
Plays
Rating
Category
Featured
Created
Premier League Stadiums
63
4.50
Sports
Jul 25, 2014
Premier League Nations
53
1.00
Sports
Jul 22, 2014
World Cup 2014 Captains
37
1.00
Sports
Jun 23, 2014
England 2014 Word Cup Squad
36
1.00
Sports
Jun 23, 2014
World Cup 2014 Managers
19
Sports
Jun 23, 2014
Go to Creator's Profile
Score Distribution
Quiz Creator Spotlight
ccfcalex99
Follow
Send a Message
Quizzes Created
-
Created Quiz Play Count
-
More By This Creator
Popular Quizzes Today
1
Find the US States - No Outlines Minefield
2
Find the Countries of Europe - No Outlines Minefield
3
The Countries of the World
4
Find the US States
5
Risky Map Clicking: Biggest States A-Z
6
US States
7
Popular People in 1961
8
Movies - When Are They Set?
More Sports Quizzes
NFL Europe Logos
Quiz Lab
Trending Quizzes
Risky Map Clicking: Least Populous States A-Z
1-10 Letter G Words
Risky Map Clicking: Next State Alphabetically
Adjectives in 80s TV Shows
The Seven Year Switch: Catherine
Recently Updated
Leaping Animals
pecheneg
Reality TV Shows (A-Z)
bhenderson79
Rickey Henderson's Hall of Fame Teammates
pecheneg
Champions League XIs: Arsenal
pecheneg
Quick Pick: Celebrities in WWE's Hall of Fame
aduchscher
A-Z Keypad Blitz II
pecheneg
Multiple Oscar Actors
pecheneg
Mystery Phrase Blitz: Oscar 'Best Actors'
pecheneg
F. Scott Fitzgerald Novels
LTH
Pick 3 Villains
ddd62291
Trending Topics
Marvel
Kpop
NBA
Anime
Disney
Harry Potter
Crossword
The Office
Puzzle
Song
Soccer
Pokémon
Country
WWE
NFL
Your Account Isn't Verified!
In order to create a playlist on Sporcle, you need to verify the email address you used during registration. Go to your
Sporcle Settings
to finish the process.
Report this User
Report this user for behavior that violates our
Community Guidelines
.
Details:
Send Report
Go to the Sporcle.com Mobile Site →
Comments